[Event "L Festival A"]
[Site "Imperia ITA"]
[Date "2008.09.02"]
[Round "3"]
[White "Faraci, Antonino"]
[Black "Egartner, Wolfgang"]
[WhiteElo "2034"]
[BlackElo "2141"]
[Result "0-1"]
[PlyCount "65"]
[EventDate "2008.08.31"]

1. e4 c6 2. d4 d5 3. e5 c5 4. c3 Nc6 5. Nf3 Bg4 6. Bb5 Qc7 7. Na3 e6 8. Bxc6+
bxc6 9. Nc2 c4 10. O-O Ne7 11. Ne3 Bxf3 12. Qxf3 Rb8 13. Rb1 c5 14. dxc5 Qxc5
15. Nc2 Qc7 16. Qg3 Nf5 17. Qf4 Bc5 18. Nd4 Bxd4 19. cxd4 O-O 20. g4 Ne7 21.
Bd2 Nc6 22. Qe3 Nb4 23. a3 Nd3 24. f4 Qe7 25. f5 Qh4 26. Rf3 f6 27. Rh3 Qxg4+
28. Rg3 Qh5 29. exf6 Rxf6 30. fxe6 Re8 31. e7 Rf2 32. Rh3 Qg4+ 33. Kh1 0-1

[Event "L Festival A"]
[Site "Imperia ITA"]
[Date "2008.09.02"]
[Round "3"]
[White "Feistenauer, Harald"]
[Black "Ornati, Gianmaria"]
[WhiteElo "2107"]
[BlackElo "1927"]
[Result "1-0"]
[PlyCount "70"]
[EventDate "2008.08.31"]

1. c4 c5 2. Nc3 b6 3. e4 e6 4. f4 d6 5. Nf3 Nd7 6. g3 Bb7 7. Bg2 Ngf6 8. d3 Be7
9. O-O O-O 10. Qe2 a6 11. b3 Qc7 12. Bb2 Rfd8 13. Rae1 Bf8 14. Nh4 b5 15. g4 b4
16. Nd1 Nb6 17. g5 Ne8 18. Ne3 d5 19. cxd5 exd5 20. f5 dxe4 21. dxe4 Bd6 22.
Ng4 Nd7 23. e5 Bf8 24. e6 Bxg2 25. Nxg2 Nb6 26. e7 Bxe7 27. Qxe7 Qxe7 28. Rxe7
Rd2 29. Rf2 Rd1+ 30. Re1 Rdd8 31. f6 g6 32. Nh6+ Kf8 33. Re7 Rd7 34. Rfe2 Rd1+
35. Kf2 Nd6 1-0

[Event "L Festival A"]
[Site "Imperia ITA"]
[Date "2008.09.02"]
[Round "3"]
[White "Gardini, Enrico"]
[Black "Damele, Stefano"]
[WhiteElo "1896"]
[BlackElo "2013"]
[Result "1-0"]
[PlyCount "93"]
[EventDate "2008.08.31"]

1. e4 c6 2. d4 d5 3. exd5 cxd5 4. Nf3 Bg4 5. Be2 Nc6 6. O-O e6 7. h3 Bxf3 8.
Bxf3 Nf6 9. Nc3 Be7 10. Ne2 O-O 11. c3 Qb6 12. Qc2 e5 13. dxe5 Nxe5 14. Nd4 Bc5
15. Qf5 Bxd4 16. cxd4 Nxf3+ 17. Qxf3 Qxd4 18. Rd1 Qe4 19. Qb3 d4 20. Bg5 b6 21.
Qc4 Rfd8 22. Rd3 Qd5 23. Qxd5 Rxd5 24. Bxf6 gxf6 25. Rad1 Rad8 26. Kf1 f5 27.
Ke2 Kg7 28. Kf3 h5 29. Kf4 f6 30. R1d2 Kf7 31. Rc2 R8d7 32. Rc8 Rc5 33. Rxc5
bxc5 34. Kxf5 Rd5+ 35. Kf4 c4 36. Rd2 d3 37. Ke4 Re5+ 38. Kd4 Re2 39. Kc3 Rxd2
40. Kxd2 a5 41. b3 cxb3 42. axb3 Ke6 43. Kxd3 Kd5 44. Kc3 Kc5 45. g4 hxg4 46.
hxg4 Kd5 47. f4 1-0

[Event "L Festival A"]
[Site "Imperia ITA"]
[Date "2008.09.02"]
[Round "3"]
[White "Gioseffi, Massimiliano"]
[Black "Pepino, Enrico"]
[WhiteElo "2049"]
[BlackElo "2119"]
[Result "1/2-1/2"]
[PlyCount "86"]
[EventDate "2008.08.31"]

1. d4 Nf6 2. c4 g6 3. Nc3 Bg7 4. e4 d6 5. Nf3 O-O 6. Be2 e5 7. O-O exd4 8. Nxd4
Re8 9. f3 Nc6 10. Be3 Nh5 11. Qd2 Nf4 12. Nxc6 Nxe2+ 13. Nxe2 bxc6 14. Bd4 c5
15. Bxg7 Kxg7 16. Nc3 Bb7 17. Rad1 Qe7 18. Rfe1 Bc6 19. Re2 Qf6 20. Re3 a5 21.
Rd3 a4 22. Rc1 Rab8 23. Nd1 Rb6 24. Qc3 Reb8 25. Qxf6+ Kxf6 26. Rc2 h5 27. Kf2
Rb4 28. Rdc3 Bd7 29. Ke3 Be6 30. Kd2 Ke7 31. Kc1 f6 32. Nf2 g5 33. Nd3 R4b7 34.
Kd2 h4 35. Kc1 Kf7 36. Nf2 Kg6 37. Nd3 Bd7 38. Re2 Bc6 39. Rcc2 Re8 40. Kd2
Rbb8 41. Kc3 Re7 42. Rc1 Kg7 43. Rce1 Rbe8 1/2-1/2

[Event "L Festival A"]
[Site "Imperia ITA"]
[Date "2008.09.02"]
[Round "3"]
[White "Gorelli Fagiolini, Marco"]
[Black "Mozny, Milos"]
[WhiteElo "2183"]
[BlackElo "2361"]
[Result "0-1"]
[PlyCount "97"]
[EventDate "2008.08.31"]

1. e4 c5 2. Nf3 e6 3. d4 cxd4 4. Nxd4 Nf6 5. Nc3 d6 6. Be2 Be7 7. O-O Nc6 8.
Be3 O-O 9. f4 Bd7 10. Nb3 a6 11. a4 b6 12. g4 d5 13. exd5 Nxd5 14. Nxd5 exd5
15. c3 Qc7 16. Qd2 Rfe8 17. Bf3 Bd6 18. Bxd5 Bxg4 19. Rae1 Rac8 20. Qf2 Ne7 21.
Bxb6 Qd7 22. Bg2 Be6 23. Nc5 Bxc5 24. Bxc5 Bc4 25. f5 Bxf1 26. Rxf1 f6 27. a5
Nc6 28. b4 Ne5 29. Bd4 Kh8 30. Kh1 Qb5 31. Rg1 Rc7 32. Bf1 Qd7 33. Bg2 Nf7 34.
Rf1 Qb5 35. Qf4 Rce7 36. Qf3 Re1 37. Kg1 Nd6 38. Bc5 Nf7 39. Bd4 Ng5 40. Qf4
Qd3 41. Qg3 Qd1 42. Bf2 Nf3+ 43. Bxf3 Rxf1+ 44. Kg2 Qb1 45. Bc6 Rd8 46. Qc7
Rxf2+ 47. Kxf2 Rd2+ 48. Kg3 Qg1+ 49. Kf4 0-1

[Event "L Festival A"]
[Site "Imperia ITA"]
[Date "2008.09.02"]
[Round "3"]
[White "Jirovsky, Milos"]
[Black "Vrana, Frantisek"]
[WhiteElo "2492"]
[BlackElo "2310"]
[Result "1/2-1/2"]
[PlyCount "51"]
[EventDate "2008.08.31"]

1. Nf3 Nf6 2. c4 g6 3. g3 Bg7 4. Bg2 c5 5. O-O O-O 6. d4 d6 7. Nc3 Nc6 8. dxc5
dxc5 9. Be3 Qa5 10. Qa4 Qxa4 11. Nxa4 b6 12. Rfd1 Bb7 13. Bf4 Rad8 14. Ne5 Nxe5
15. Bxe5 Bxg2 16. Kxg2 Ne4 17. Bxg7 Kxg7 18. f3 Nd6 19. b3 Nb7 20. Nc3 Rxd1 21.
Rxd1 Rd8 22. Rxd8 Nxd8 23. Kf2 Nc6 24. e3 f5 25. f4 Kf7 26. h3 1/2-1/2

[Event "L Festival A"]
[Site "Imperia ITA"]
[Date "2008.09.02"]
[Round "3"]
[White "Krouzel, Jaroslav"]
[Black "Safranska, Anda"]
[WhiteElo "2184"]
[BlackElo "2323"]
[Result "1/2-1/2"]
[PlyCount "83"]
[EventDate "2008.08.31"]

1. d4 Nf6 2. c4 g6 3. Nc3 Bg7 4. e4 d6 5. Be2 O-O 6. Bg5 c5 7. d5 a6 8. a4 Re8
9. Nf3 h6 10. Bf4 e5 11. dxe6 Rxe6 12. e5 Nh5 13. Be3 Bxe5 14. Nxe5 Rxe5 15.
O-O Nc6 16. Qd2 Ng7 17. Bf4 Re8 18. Qxd6 Qxd6 19. Bxd6 Nd4 20. Bd1 Bf5 21. Nd5
Bd3 22. Nf6+ Kh8 23. Nxe8 Rxe8 24. Bxc5 Bxf1 25. Kxf1 Nge6 26. Bxd4+ Nxd4 27.
Bf3 Nxf3 28. gxf3 Kg7 29. b4 Kf6 30. Rd1 Re7 31. Rd6+ Ke5 32. c5 h5 33. Kg2 g5
34. Rb6 Rc7 35. c6 Rxc6 36. Rxb7 Rc4 37. a5 f6 38. b5 axb5 39. Rxb5+ Kf4 40.
Rb7 Ra4 41. Rb5 h4 42. h3 1/2-1/2

[Event "L Festival A"]
[Site "Imperia ITA"]
[Date "2008.09.02"]
[Round "3"]
[White "Lazarev, Vladimir"]
[Black "Poloch, Petr"]
[WhiteElo "2482"]
[BlackElo "2280"]
[Result "1/2-1/2"]
[PlyCount "61"]
[EventDate "2008.08.31"]

1. d4 Nf6 2. c4 e6 3. Nc3 Bb4 4. Qc2 c5 5. dxc5 O-O 6. a3 Bxc5 7. Nf3 b6 8. Bf4
Nh5 9. Bg5 Be7 10. Bxe7 Qxe7 11. e3 Bb7 12. Be2 Nf6 13. O-O Rc8 14. Rfd1 Na6
15. e4 d6 16. b4 Nc7 17. e5 dxe5 18. Nxe5 Nce8 19. Bd3 g6 20. Qe2 Rd8 21. Qe3
Rac8 22. Rac1 Nd6 23. h3 Nd7 24. Nxd7 Rxd7 25. c5 bxc5 26. bxc5 Nf5 27. Bxf5
exf5 28. Qxe7 Rxe7 29. Nb5 Bc6 30. Nd6 Rb8 31. Rb1 1/2-1/2

[Event "L Festival A"]
[Site "Imperia ITA"]
[Date "2008.09.02"]
[Round "3"]
[White "Pascual Genoves, Marc"]
[Black "Cichy, Miroslav"]
[WhiteElo "2232"]
[BlackElo "2141"]
[Result "1-0"]
[PlyCount "47"]
[EventDate "2008.08.31"]

1. e4 c5 2. Nc3 Nc6 3. Bb5 Nf6 4. Bxc6 dxc6 5. d3 e5 6. f4 Bd6 7. fxe5 Bxe5 8.
Nf3 Bd4 9. Bg5 h6 10. Bh4 g5 11. Bg3 Qa5 12. Qd2 Be6 13. Nxd4 cxd4 14. Ne2 Qb6
15. a4 Qc5 16. b4 Qe7 17. O-O Bg4 18. Nxd4 O-O-O 19. Qc3 Kd7 20. Nxc6 bxc6 21.
Rxf6 Be6 22. b5 c5 23. Raf1 Kc8 24. Qe5 1-0

[Event "L Festival A"]
[Site "Imperia ITA"]
[Date "2008.09.02"]
[Round "3"]
[White "Pesce, Gabriele"]
[Black "Cugini, Verter"]
[WhiteElo "2102"]
[BlackElo "2167"]
[Result "1/2-1/2"]
[PlyCount "127"]
[EventDate "2008.08.31"]

1. e4 e6 2. d4 d5 3. Nd2 Nf6 4. e5 Ne4 5. Nxe4 dxe4 6. Bc4 a6 7. a4 b6 8. Nh3
Bb7 9. Nf4 Nc6 10. Be3 Ne7 11. Qe2 g6 12. O-O-O Qd7 13. Kb1 Qxa4 14. d5 exd5
15. Bxd5 Bxd5 16. Nxd5 Nxd5 17. Rxd5 Bg7 18. h4 O-O 19. h5 Rfd8 20. Rxd8+ Rxd8
21. hxg6 hxg6 22. Qg4 Re8 23. Qh4 Qb5 24. Qh7+ Kf8 25. Bh6 Bxh6 26. Qxh6+ Ke7
27. Qg7 Qc6 28. Qh7 Qd5 29. Qh4+ Kd7 30. Qg4+ Kc6 31. Rd1 Qxe5 32. Qd7+ Kb7 33.
Qxf7 Qe6 34. Qf4 Qf5 35. Qe3 Rf8 36. Rd2 a5 37. Re2 g5 38. g3 Re8 39. Re1 g4
40. Qd4 Re7 41. Re3 Qe5 42. Qd1 Qe6 43. Qd4 Qe5 44. Qd1 Qf5 45. Qd4 Qxf2 46.
Rxe4 Qxd4 47. Rxd4 Rg7 48. Kc1 b5 49. c3 Kb6 50. Kc2 Rg6 51. Rf4 a4 52. Re4 Rg5
53. b3 a3 54. Kb1 Rc5 55. Re3 Rf5 56. Re4 Rf2 57. b4 Rb2+ 58. Ka1 Rc2 59. Rxg4
Rxc3 60. Ka2 c5 61. Rg6+ Kc7 62. bxc5 b4 63. Rb6 Rc2+ 64. Ka1 1/2-1/2

[Event "L Festival A"]
[Site "Imperia ITA"]
[Date "2008.09.02"]
[Round "3"]
[White "Piasetski, Leon David"]
[Black "Ammerlaan, Richard"]
[WhiteElo "2314"]
[BlackElo "2125"]
[Result "0-1"]
[PlyCount "90"]
[EventDate "2008.08.31"]

1. d4 d5 2. c4 c6 3. Nc3 Nf6 4. Nf3 e6 5. e3 Bd6 6. b3 O-O 7. Bb2 Qe7 8. Qc2
Nbd7 9. cxd5 exd5 10. Bd3 Re8 11. O-O-O Nf8 12. h3 a5 13. Kb1 b6 14. Ne5 Bxe5
15. dxe5 N6d7 16. f4 Nc5 17. Ba3 Qb7 18. Bxc5 bxc5 19. Ka1 a4 20. Nxa4 c4 21.
bxc4 Qb4 22. Nc3 dxc4 23. Be4 Ra3 24. Nb1 Rxe3 25. Bxc6 Re6 26. Bd5 Rb6 27.
Bxc4 Bf5 28. Qd2 Bxb1 29. Qxb4 Rxb4 30. Rd4 Re4 31. Rxe4 Bxe4 32. Bb3 Bxg2 33.
Rh2 Be4 34. Kb2 Bf5 35. Kc3 Rxf4 36. a4 Be6 37. Bc2 Nd7 38. Rd2 g5 39. Rd4 Rf3+
40. Kb4 Nxe5 41. Be4 Rxh3 42. a5 Rb3+ 43. Ka4 Rb2 44. Rb4 Ra2+ 45. Kb5 Nc4 0-1

[Event "L Festival A"]
[Site "Imperia ITA"]
[Date "2008.09.02"]
[Round "3"]
[White "Ricca, Giorgio"]
[Black "Morselli, Stefano"]
[WhiteElo "2065"]
[BlackElo "1858"]
[Result "1-0"]
[PlyCount "87"]
[EventDate "2008.08.31"]

1. e4 g6 2. d4 Bg7 3. Nc3 d6 4. Be3 Nf6 5. Qd2 O-O 6. f3 c6 7. h4 h5 8. O-O-O
Qa5 9. Nh3 b5 10. Nf2 b4 11. Nb1 Qxa2 12. Qxb4 Nbd7 13. Bc4 Qa1 14. Bb3 Nb6 15.
Qa3 Qxa3 16. Nxa3 a5 17. Rhe1 Be6 18. d5 Nbxd5 19. exd5 Bxd5 20. Bxd5 Nxd5 21.
Bg5 Rfb8 22. Nd3 Rb7 23. c4 Nb4 24. Nxb4 Rxb4 25. Re2 Rab8 26. Rdd2 e6 27. Be7
Bh6 28. Bxd6 Bxd2+ 29. Rxd2 Ra8 30. Bxb4 axb4 31. Nb1 Ra5 32. Kc2 Re5 33. Kd1
Kg7 34. Re2 Rf5 35. Nd2 Ra5 36. Ke1 Ra1+ 37. Kf2 Rc1 38. b3 Rc3 39. Re3 Kh6 40.
f4 Rc2 41. Ke2 Rc1 42. Ne4 Rb1 43. Nc5 Ra1 44. Nd3 1-0

[Event "L Festival A"]
[Site "Imperia ITA"]
[Date "2008.09.02"]
[Round "3"]
[White "Salvador, Roland"]
[Black "Sanchez, Joseph"]
[WhiteElo "2443"]
[BlackElo "2486"]
[Result "1/2-1/2"]
[PlyCount "30"]
[EventDate "2008.08.31"]

1. e4 e5 2. Nf3 Nc6 3. Bb5 a6 4. Ba4 Nf6 5. O-O b5 6. Bb3 Be7 7. Re1 d6 8. h3
O-O 9. c3 Re8 10. d4 Bf8 11. Nbd2 Na5 12. Bc2 c5 13. d5 Nb7 14. Nf1 g6 15. Ng3
Bg7 1/2-1/2

[Event "L Festival A"]
[Site "Imperia ITA"]
[Date "2008.09.02"]
[Round "3"]
[White "Spatola, Davide"]
[Black "Spaan, Nathanael"]
[WhiteElo "2051"]
[BlackElo "2153"]
[Result "0-1"]
[PlyCount "70"]
[EventDate "2008.08.31"]

1. Nf3 Nf6 2. g3 c5 3. d3 g6 4. Bg2 Bg7 5. O-O d6 6. Nbd2 O-O 7. e4 Nc6 8. c3
b6 9. Re1 Bb7 10. Nf1 Rb8 11. Bf4 h6 12. h4 e5 13. Be3 d5 14. exd5 Nxd5 15. Qd2
Kh7 16. Rad1 f5 17. Qc2 Nxe3 18. fxe3 Qd7 19. Rd2 Rbd8 20. Red1 Qe7 21. Kh1 Rd7
22. d4 cxd4 23. cxd4 e4 24. Ng1 Nb4 25. Qa4 a5 26. a3 Bc6 27. Qb3 Bd5 28. Qa4
Nd3 29. Nh3 Qe6 30. Qc2 Bb3 31. Qb1 Bxd1 32. Qxd1 Rc8 33. Rc2 Rdc7 34. Rxc7
Rxc7 35. Kh2 Nxb2 0-1

[Event "L Festival A"]
[Site "Imperia ITA"]
[Date "2008.09.02"]
[Round "3"]
[White "Spinelli, Doriano"]
[Black "Berg, Victor"]
[WhiteElo "2151"]
[BlackElo "2104"]
[Result "0-1"]
[PlyCount "56"]
[EventDate "2008.08.31"]

1. e4 c6 2. d3 d5 3. Nd2 e5 4. Ngf3 Bd6 5. Be2 Ne7 6. O-O O-O 7. Re1 f5 8. Bf1
Nd7 9. c3 fxe4 10. dxe4 Kh8 11. b4 a6 12. Nc4 Bc7 13. Ng5 Nf6 14. exd5 cxd5 15.
Nxe5 Bxe5 16. Rxe5 Ng4 17. Re6 Bxe6 18. Nxe6 Qb6 19. Nc5 Qf6 20. Qe1 Rae8 21.
f3 Ng6 22. Qd2 N4e5 23. Qd4 Nh4 24. Be2 Nhxf3+ 25. gxf3 Nxf3+ 26. Bxf3 Qxf3 27.
Bh6 Rf6 28. Bg5 Re2 0-1

[Event "L Festival A"]
[Site "Imperia ITA"]
[Date "2008.09.02"]
[Round "3"]
[White "Tomassoni, Leonardo"]
[Black "Mela, Riccardo"]
[WhiteElo "1969"]
[BlackElo "2033"]
[Result "1-0"]
[PlyCount "25"]
[EventDate "2008.08.31"]

1. e4 g6 2. d4 Bg7 3. c3 d6 4. f4 Nd7 5. Nf3 e5 6. Bc4 exd4 7. cxd4 Nh6 8. O-O
O-O 9. Nc3 Nb6 10. Bb3 c6 11. f5 Kh8 12. f6 Qxf6 13. Bg5 1-0

[Event "L Festival A"]
[Site "Imperia ITA"]
[Date "2008.09.02"]
[Round "3"]
[White "Van der Plas, Robert"]
[Black "Dritsakos, Alessio"]
[WhiteElo "2163"]
[BlackElo "1848"]
[Result "1-0"]
[PlyCount "37"]
[EventDate "2008.08.31"]

1. d4 d5 2. c4 e6 3. Nc3 Nf6 4. Nf3 c6 5. cxd5 exd5 6. Qc2 Bd6 7. Bg5 O-O 8. e3
Nbd7 9. Bd3 h6 10. Bh4 Re8 11. O-O Qa5 12. Kh1 b5 13. e4 dxe4 14. Nxe4 Nxe4 15.
Qxc6 Qc7 16. Bxe4 Qxc6 17. Bxc6 Rb8 18. Ne5 g5 19. Bxd7 1-0

[Event "L Festival A"]
[Site "Imperia ITA"]
[Date "2008.09.02"]
[Round "3"]
[White "Vitak, Pavel"]
[Black "Jurek, Josef"]
[WhiteElo "2187"]
[BlackElo "2368"]
[Result "1/2-1/2"]
[PlyCount "38"]
[EventDate "2008.08.31"]

1. e4 c5 2. Nf3 e6 3. d4 cxd4 4. Nxd4 Nc6 5. Nxc6 bxc6 6. Bd3 d5 7. O-O Nf6 8.
Nd2 Be7 9. Qf3 Qc7 10. h3 Bd6 11. Re1 O-O 12. exd5 cxd5 13. c4 Bb7 14. Qe2 Rfe8
15. b3 e5 16. cxd5 Nxd5 17. Nc4 e4 18. Nxd6 Qxd6 19. Bc4 Re7 1/2-1/2

[Event "L Festival A"]
[Site "Imperia ITA"]
[Date "2008.09.03"]
[Round "4"]
[White "Arata, Roberto Mario"]
[Black "Valsecchi, Alessio"]
[WhiteElo "2178"]
[BlackElo "2298"]
[Result "1-0"]
[PlyCount "61"]
[EventDate "2008.08.31"]

1. d4 Nf6 2. c4 c5 3. d5 e6 4. Nc3 exd5 5. cxd5 d6 6. Nf3 g6 7. h4 h5 8. Bg5
Bg7 9. Nd2 O-O 10. Nc4 Na6 11. Qd2 Bf5 12. e4 Re8 13. f3 Nc7 14. Be2 b5 15.
exf5 bxc4 16. fxg6 fxg6 17. Qc2 Rb8 18. O-O Qd7 19. Bxc4 Nh7 20. Qxg6 Rxb2 21.
Ne4 Rxe4 22. Qxe4 Nxg5 23. hxg5 h4 24. Rab1 h3 25. Rxb2 Bxb2 26. Qg6+ Kf8 27.
Qh6+ Bg7 28. Qxh3 Qe7 29. Qf5+ Kg8 30. Rb1 Ne8 31. Qe6+ 1-0

[Event "L Festival A"]
[Site "Imperia ITA"]
[Date "2008.09.03"]
[Round "4"]
[White "Astengo, Marcello"]
[Black "Biolek, Richard jr"]
[WhiteElo "2075"]
[BlackElo "2354"]
[Result "0-1"]
[PlyCount "100"]
[EventDate "2008.08.31"]

1. d4 Nc6 2. e4 e5 3. d5 Nce7 4. c4 Ng6 5. Nc3 Bc5 6. g3 N8e7 7. h4 O-O 8. h5
Nh8 9. g4 d6 10. Be2 f6 11. Qd3 Nf7 12. Be3 Bxe3 13. Qxe3 c5 14. Nh3 h6 15. f3
Bd7 16. Nf2 a6 17. O-O Ng5 18. Kg2 Qe8 19. Rh1 b5 20. b3 b4 21. Nb1 a5 22. a4
bxa3 23. Rxa3 a4 24. bxa4 Rxa4 25. Rxa4 Bxa4 26. Qa3 Bd7 27. Qa7 g6 28. Nc3 f5
29. Rb1 fxg4 30. fxg4 gxh5 31. gxh5 Nc8 32. Qc7 Qf7 33. Ng4 Kg7 34. Rf1 Qe7 35.
Rxf8 Kxf8 36. Kg3 Ke8 37. Nxh6 Qf8 38. Nf5 Bxf5 39. exf5 Qxf5 40. Qg7 Ne7 41.
h6 Ng6 42. Qg8+ Ke7 43. Qg7+ Nf7 44. h7 e4 45. Bg4 Qf4+ 46. Kh3 Qe3+ 47. Kg2
Qg5 48. Kf1 Qxg4 49. Ne2 Qf5+ 50. Ke1 e3 0-1

[Event "L Festival A"]
[Site "Imperia ITA"]
[Date "2008.09.03"]
[Round "4"]
[White "Bozzali, Ermanno"]
[Black "Hodova, Lucie"]
[WhiteElo "2148"]
[BlackElo "2075"]
[Result "0-1"]
[PlyCount "72"]
[EventDate "2008.08.31"]

1. e4 c5 2. Nf3 d6 3. d4 cxd4 4. Nxd4 Nf6 5. Nc3 a6 6. Bc4 e6 7. Bb3 b5 8. O-O
Be7 9. Qf3 Qc7 10. Qg3 O-O 11. Bh6 Ne8 12. Rad1 Bd7 13. Rfe1 Nc6 14. Nxc6 Bxc6
15. f3 Kh8 16. Bg5 Bxg5 17. Qxg5 Nf6 18. Rd2 Rfd8 19. Red1 h6 20. Qg3 Ne8 21.
Ne2 a5 22. a3 b4 23. axb4 axb4 24. e5 dxe5 25. Rxd8 Rxd8 26. Rxd8 Qxd8 27. Qxe5
Nf6 28. Qc5 Qd2 29. Kf2 Bd5 30. Qf8+ Kh7 31. Qxf7 Bxb3 32. cxb3 e5 33. Qc4 e4
34. fxe4 Ng4+ 35. Kg3 h5 36. h3 Qe3+ 0-1

[Event "L Festival A"]
[Site "Imperia ITA"]
[Date "2008.09.03"]
[Round "4"]
[White "Cugini, Verter"]
[Black "Ricca, Giorgio"]
[WhiteElo "2167"]
[BlackElo "2065"]
[Result "1-0"]
[PlyCount "103"]
[EventDate "2008.08.31"]

1. e4 e5 2. Nf3 Nf6 3. Nxe5 d6 4. Nf3 Nxe4 5. d4 d5 6. Bd3 Be7 7. O-O Nc6 8.
Bf4 Bg4 9. c3 O-O 10. Re1 f5 11. h3 Bh5 12. Nbd2 Bh4 13. Rf1 Kh8 14. Qc2 Be7
15. Ne5 Bd6 16. f3 Nxd2 17. Qxd2 Nxe5 18. dxe5 Bc5+ 19. Kh1 Qh4 20. Kh2 h6 21.
Bg3 Qe7 22. f4 Be8 23. Bf2 Rd8 24. Rad1 a6 25. Bxc5 Qxc5 26. Qf2 Qe7 27. Be2
Bb5 28. Rfe1 Bxe2 29. Rxe2 c6 30. Red2 Qe6 31. Qb6 g5 32. g3 gxf4 33. gxf4 Rd7
34. Rg1 Rg8 35. Rxg8+ Kxg8 36. Rg2+ Kh7 37. Qc5 Rg7 38. Qf8 Rxg2+ 39. Kxg2 Qg6+
40. Kf2 Qh5 41. Qe7+ Kh8 42. Qd8+ Kh7 43. Qd7+ Kg8 44. Qc8+ Kg7 45. Qxb7+ Kg8
46. Qxc6 Qh4+ 47. Kg2 Qxf4 48. Qxd5+ Kg7 49. Qd4 Qc1 50. Qa7+ Kg6 51. Qxa6+ Kg5
52. Qe2 1-0

[Event "L Festival A"]
[Site "Imperia ITA"]
[Date "2008.09.03"]
[Round "4"]
[White "Dritsakos, Alessio"]
[Black "Pesce, Gabriele"]
[WhiteElo "1848"]
[BlackElo "2102"]
[Result "0-1"]
[PlyCount "64"]
[EventDate "2008.08.31"]

1. e4 c5 2. Nf3 Nc6 3. d4 cxd4 4. Nxd4 e5 5. Nb5 d6 6. N1c3 a6 7. Na3 Be6 8.
Be3 Be7 9. Nd5 Bxd5 10. exd5 Nb8 11. Qg4 g6 12. Qb4 Nf6 13. Qxb7 Qa5+ 14. c3
Qxd5 15. Qc8+ Bd8 16. Rd1 Qe4 17. Rxd6 Nfd7 18. Bc4 Qxg2 19. Bd5 e4 20. Rf1 O-O
21. Bh6 Nc6 22. Qxd7 Ne5 23. Bxf7+ Kh8 24. Qb7 Rb8 25. Qd5 Nf3+ 26. Ke2 Rxb2+
27. Ke3 Qxf1 28. Rxd8 Re2+ 29. Kf4 Qc1+ 30. Qd2 Qxd2+ 31. Rxd2 Rxf7+ 32. Kg3
Nxd2 0-1

[Event "L Festival A"]
[Site "Imperia ITA"]
[Date "2008.09.03"]
[Round "4"]
[White "Havlikova, Kristyna"]
[Black "Tomassoni, Leonardo"]
[WhiteElo "2135"]
[BlackElo "1969"]
[Result "1-0"]
[PlyCount "41"]
[EventDate "2008.08.31"]

1. e4 c5 2. Nf3 Nf6 3. e5 Nd5 4. Nc3 Nxc3 5. dxc3 g6 6. Bf4 Bg7 7. Bc4 O-O 8.
Qd2 Nc6 9. h4 h5 10. O-O-O b5 11. Bd5 Qa5 12. Kb1 e6 13. Bxc6 dxc6 14. Bh6 b4
15. cxb4 cxb4 16. g4 hxg4 17. Bxg7 Kxg7 18. Qg5 Ba6 19. Qf6+ Kg8 20. h5 Rfd8
21. h6 1-0

[Event "L Festival A"]
[Site "Imperia ITA"]
[Date "2008.09.03"]
[Round "4"]
[White "Luciani, Carlo"]
[Black "Petrov, Marijan"]
[WhiteElo "2239"]
[BlackElo "2490"]
[Result "0-1"]
[PlyCount "70"]
[EventDate "2008.08.31"]

1. e4 c5 2. Nf3 Nc6 3. d4 cxd4 4. Nxd4 Qb6 5. Nb3 Nf6 6. Nc3 e6 7. a3 a6 8. Be3
Qc7 9. f4 d6 10. Qf3 b5 11. Bd3 Be7 12. O-O O-O 13. Rad1 b4 14. axb4 Nxb4 15.
e5 Bb7 16. Qh3 dxe5 17. fxe5 Qxe5 18. Rxf6 Nxd3 19. Rff1 Nxb2 20. Bd4 Qg5 21.
Rde1 Nc4 22. Ne4 Qh4 23. Qd3 Bd5 24. Bf2 Qg4 25. Bg3 Qg6 26. Rf4 Rfd8 27. Qe2
e5 28. Rg4 Qc6 29. Nbd2 f5 30. Nxc4 fxg4 31. Nxe5 Qe6 32. Nf2 h5 33. c4 Bb7 34.
Qf1 Bb4 35. Ned3 Bxe1 0-1

[Event "L Festival A"]
[Site "Imperia ITA"]
[Date "2008.09.03"]
[Round "4"]
[White "Mercandelli, Claudio"]
[Black "Mela, Riccardo"]
[WhiteElo "1988"]
[BlackElo "2033"]
[Result "0-1"]
[PlyCount "38"]
[EventDate "2008.08.31"]

1. d4 Nf6 2. Nf3 e6 3. e3 d5 4. Bd3 c5 5. c3 Nc6 6. Nbd2 c4 7. Bb1 b5 8. a3 Bb7
9. e4 dxe4 10. Nxe4 Na5 11. Ned2 Bd6 12. O-O Qc7 13. Qe2 O-O 14. Ne5 Nc6 15. f4
Ne7 16. Ne4 Nxe4 17. Bxe4 Bxe4 18. Qxe4 f5 19. Qe2 Bxe5 0-1

[Event "L Festival A"]
[Site "Imperia ITA"]
[Date "2008.09.03"]
[Round "4"]
[White "Mozny, Milos"]
[Black "Simacek, Pavel"]
[WhiteElo "2361"]
[BlackElo "2470"]
[Result "1/2-1/2"]
[PlyCount "47"]
[EventDate "2008.08.31"]

1. d4 Nf6 2. Nf3 d5 3. c4 dxc4 4. g3 c5 5. Bg2 Nc6 6. e3 e5 7. dxe5 Qxd1+ 8.
Kxd1 Ng4 9. Ke2 Bf5 10. Rd1 Bd3+ 11. Ke1 O-O-O 12. h3 Ngxe5 13. Nxe5 Nxe5 14.
f4 Nc6 15. Bxc6 bxc6 16. Bd2 Re8 17. Kf2 g5 18. Bc3 Rg8 19. Nd2 h6 20. Nf3 gxf4
21. gxf4 Be7 22. Rg1 Bf5 23. Rxg8 Rxg8 24. Rg1 1/2-1/2

[Event "L Festival A"]
[Site "Imperia ITA"]
[Date "2008.09.03"]
[Round "4"]
[White "Ornati, Gianmaria"]
[Black "Spatola, Davide"]
[WhiteElo "1927"]
[BlackElo "2051"]
[Result "0-1"]
[PlyCount "69"]
[EventDate "2008.08.31"]

1. d4 Nf6 2. c4 c5 3. d5 b5 4. cxb5 a6 5. f3 e6 6. e4 axb5 7. Bxb5 Qb6 8. Nc3
Bb7 9. Bc4 Qb4 10. Qb3 exd5 11. Qxb4 cxb4 12. Nxd5 Bxd5 13. exd5 Ra5 14. Bf4 d6
15. O-O-O Be7 16. Kb1 Kd7 17. Ne2 Rc8 18. Bb3 Na6 19. Rd4 Nc5 20. Bc2 b3 21.
Bf5+ Kd8 22. a3 Ncd7 23. Bd2 Rxd5 24. Rxd5 Nxd5 25. Rc1 g6 26. Rxc8+ Kxc8 27.
Bxd7+ Kxd7 28. Nd4 Bf6 29. Nxb3 Be5 30. g3 f5 31. Kc2 Kc6 32. Kd3 Bxb2 33. Nd4+
Kb6 34. a4 Ba3 35. Nb5 0-1

[Event "L Festival A"]
[Site "Imperia ITA"]
[Date "2008.09.03"]
[Round "4"]
[White "Pomaro, Alberto"]
[Black "Lazarev, Vladimir"]
[WhiteElo "2246"]
[BlackElo "2482"]
[Result "1/2-1/2"]
[PlyCount "71"]
[EventDate "2008.08.31"]

1. e4 c5 2. Nf3 Nc6 3. d4 cxd4 4. Nxd4 Qc7 5. Nc3 e6 6. Be3 a6 7. Bd3 b5 8. O-O
Bb7 9. Nxc6 Qxc6 10. a3 Ne7 11. f4 Nf5 12. Bf2 Bc5 13. Qd2 Rc8 14. Kh1 Nd6 15.
f5 Bxf2 16. Rxf2 Qc5 17. Qf4 f6 18. fxe6 dxe6 19. Qg4 Kf7 20. Rf3 Qe5 21. Rh3
g6 22. Rf1 Kg7 23. Qh4 h5 24. Qf2 g5 25. Ne2 Nxe4 26. Bxe4 Bxe4 27. Re3 Rh6 28.
Nc3 Rc4 29. Nxe4 Rxe4 30. Rxe4 Qxe4 31. Qa7+ Kg6 32. Qe7 f5 33. Qe8+ Kf6 34.
Qf8+ Kg6 35. Qg8+ Kf6 36. Qf8+ 1/2-1/2

[Event "L Festival A"]
[Site "Imperia ITA"]
[Date "2008.09.03"]
[Round "4"]
[White "Spaan, Nathanael"]
[Black "Feistenauer, Harald"]
[WhiteElo "2153"]
[BlackElo "2107"]
[Result "1-0"]
[PlyCount "67"]
[EventDate "2008.08.31"]

1. e4 Nf6 2. e5 Nd5 3. d4 d6 4. c4 Nb6 5. exd6 cxd6 6. Be3 g6 7. Nf3 Bg7 8. Be2
O-O 9. Nbd2 e5 10. O-O Nc6 11. Nb3 h6 12. dxe5 dxe5 13. Qc1 Kh7 14. Bc5 Re8 15.
Rd1 Qf6 16. a4 Bg4 17. a5 Nc8 18. Be3 Nd6 19. Ng5+ hxg5 20. Bxg4 Bf8 21. Bxg5
Qg7 22. Bd7 Reb8 23. a6 Nd8 24. c5 f6 25. cxd6 fxg5 26. Bg4 bxa6 27. Nc5 Rb6
28. Ne4 Nf7 29. Ra3 Rd8 30. Rh3+ Kg8 31. Be6 Bxd6 32. Nxg5 Rb7 33. Nxf7 Rxf7
34. Rf3 1-0

[Event "L Festival A"]
[Site "Imperia ITA"]
[Date "2008.09.03"]
[Round "4"]
[White "Spinelli, Doriano"]
[Black "Faraci, Antonino"]
[WhiteElo "2151"]
[BlackElo "2034"]
[Result "1/2-1/2"]
[PlyCount "54"]
[EventDate "2008.08.31"]

1. e4 c5 2. d4 cxd4 3. c3 d5 4. exd5 Qxd5 5. cxd4 e6 6. Nf3 Nf6 7. Bd3 Be7 8.
Nc3 Qd8 9. O-O O-O 10. Be3 Nc6 11. Rc1 Nb4 12. Bb1 Bd7 13. a3 Nbd5 14. Ne5 Rc8
15. Qd3 g6 16. Bh6 Re8 17. Ne4 Nxe4 18. Rxc8 Bxc8 19. Qxe4 Qb6 20. Nc4 Qb3 21.
Qd3 Qxd3 22. Bxd3 Rd8 23. Ne5 f6 24. Nf3 Kf7 25. Be3 b6 26. Rc1 Bb7 27. Be4 Bd6
1/2-1/2